| 000 | 00534nam a2200181 a 4500 | ||
|---|---|---|---|
| 003 | PILC | ||
| 005 | 20150908074341.0 | ||
| 008 | 030508s19uu xx 00 eng d | ||
| 020 | _a97108-5180-2 | ||
| 050 |
_aJQ 1411 _b.N793 1987 |
||
| 100 | _aNolledo, Jose | ||
| 245 |
_aThe Constitution of the Republic of the Philippines explained / _cJose N. Nolledo. |
||
| 260 |
_aMandaluyong : _bNational Bookstore, _c1987. |
||
| 300 |
_a145 pages ; _c26 cm. |
||
| 650 |
_aConstitutions _zPhilippines. |
||
| 942 |
_cBK _2lcc |
||
| 999 |
_c288640 _d288640 |
||